1 mot = 1 ville française - Statistiques

Statistiques générales
  • Ce quiz a été pris 210 fois
  • Le résultat moyen est 11 sur 18
Statistiques - réponses
Mot Ville % Correct
Moutarde Dijon
98%
Louvre Paris
98%
Futuroscope Poitiers
90%
Bouillabaisse Marseille
89%
Aéronautique Toulouse
86%
Rillettes Le Mans
84%
Cannelé Bordeaux
83%
Croisette Cannes
80%
Tapisserie Bayeux / Aubusson
58%
Fourvière Lyon
58%
Éléphant Nantes / Chambéry
58%
Paquebot Saint-Nazaire
48%
Corsaire Saint-Malo
39%
Camargue Arles
36%
Lentille Le Puy-en-Velay
22%
Hortillonnages Amiens
18%
Corderie Rochefort
18%
Hareng Boulogne-sur-Mer
5%
Aucun quiz correspondant
Distribution des résultats
% des personnes avec chaque résultat
Percentile par nombre de réponses
Votre historique - résultats
Vous n’avez pas pris ce quiz